Movie by Quote: Directors Quiz Stats

 Plays Quiz Updated Sep 25, 2016

Challenge
Share
Tweet
Embed
Score 0/27 Timer 06:00
4 Plays Today
Director Movie % Correct
Steven SpielbergJaws
91.7%
Stanley KubrickThe Shining
89.1%
Alfred HitchcockPsycho
85.4%
Steven SpielbergRaiders of the Lost Ark
78.5%
Martin ScorseseGoodfellas
78.3%
Tim BurtonAlice in Wonderland
74.3%
Alfred HitchcockRear Window
71.3%
Martin ScorseseTaxi Driver
70.4%
David FincherThe Social Network
69.5%
The Coen BrothersThe Big Lebowski
66.6%
Tim BurtonBatman
63.1%
The Coen BrothersFargo
63%
Stanley KubrickFull Metal Jacket
62.2%
Tim BurtonEdward Scissorhands
61.1%
Director Movie % Correct
Terry GilliamMonty Python and the Holy Grail
60.6%
Stanley KubrickA Clockwork Orange
60.5%
Martin ScorseseThe Departed
59.2%
Steven SpielbergCatch Me If You Can
56.7%
Terry GilliamFear and Loathing in Las Vegas
53.8%
Ridley ScottGladiator
49.7%
The Coen BrothersNo Country for Old Men
46%
David FincherPanic Room
41.4%
David FincherFight Club
40.8%
Ridley ScottHannibal
37.8%
Terry GilliamBrazil
33%
Ridley ScottBlade Runner
30.8%
Alfred HitchcockRebecca
27.3%

You're not logged in!

Compare scores with friends on all Sporcle quizzes.
OR
Log In

You Might Also Like...

Show Comments

Extras

Top Quizzes Today


Score Distribution

Your Account Isn't Verified!

In order to create a playlist on Sporcle, you need to verify the email address you used during registration. Go to your Sporcle Settings to finish the process.

Report this User

Report this user for behavior that violates our Community Guidelines.

Details: